000 00290nam a2200121Ia 4500
008 231129s9999||||xx |||||||||||||| ||spa||
040 _bspa
082 _a843 S137p
100 _aSaint-Exupery Antoine de
245 0 _aEl principito
264 _a[s.l. : s.n.] [198?].
942 _2ddc
_cBKS
999 _c12195
_d12195